000 00548nam a2200193Ia 4500
005 20250923145049.0
008 008 250917s9999 xx 000 0 eng d
037 _aTextual
040 _aDSWL
_beng
_cDSWL
041 _aeng
_2eng
084 _aY72(R17)x3, N65
_qDSWL
245 0 _a1 Relevance of models for social anthropologists
_cEd.by M. Banton
260 _aLondon
_bTavistock
_c1965
300 _a476p.
365 _aINR
_b35
925 _g35
942 _cTEXL
_hY72(R17)x3, N65
999 _c1446638
_d1446638